Támogatásból megvalósított beruházás vizsgálata (Székesfehérvár, Árpád Fürdő műemléki épület felújításának elemzése)

Bibliográfiai részletek
Szerző: Szabó Mária
További közreműködők: Gyulai Dr. László
Dokumentumtípus: Záródolgozat
Kulcsszavak:Beruházás
Pályázat
működési elemzés
Online Access:http://dolgozattar.uni-bge.hu/14542

MARC

LEADER 00000nta a2200000 i 4500
001 dolg14542
005 20171218105455.0
008 171218suuuu hu o 000 hun d
040 |a BGE Dolgozattár Repozitórium  |b hun 
041 |a hu 
100 1 |a Szabó Mária 
245 1 0 |a Támogatásból megvalósított beruházás vizsgálata (Székesfehérvár, Árpád Fürdő műemléki épület felújításának elemzése)  |c Szabó Mária  |h [elektronikus dokumentum] 
516 |a Final_paper 
695 |a Beruházás 
695 |a Pályázat 
695 |a működési elemzés 
700 1 |a Gyulai Dr. László  |e ths 
856 4 0 |u http://dolgozattar.uni-bge.hu/14542/1/Arpad_Furdo_Beruhazas_Elemzese_20171211pdf.pdf  |z Dokumentum-elérés 
856 4 0 |u http://dolgozattar.uni-bge.hu/14542/2/titkos%C3%ADt%C3%A1si%20k%C3%A9relem.pdf  |z Dokumentum-elérés 
856 4 0 |u http://dolgozattar.uni-bge.hu/14542/3/nyilatkozat.pdf  |z Dokumentum-elérés